| 000 | 00855nam a2200253 i 4500 | ||
|---|---|---|---|
| 001 | bg | ||
| 100 | 1 | _aGIL, Andrzej. | |
| 245 | 1 | 0 |
_aPodstawy elektroniki i energoelektroniki. _nCz. 1, _pPodstawy elektroniki / _cAndrzej Gil ; [Wyższa Szkoła Morska - Gdynia. Wydział Elektryczny]. |
| 250 | _aWyd. 3. | ||
| 260 |
_aGdynia : _bWSM. WE - Studia Zaoczne, _c2000. |
||
| 300 |
_a189 s. : _brys., wykr. ; _c21 cm. |
||
| 504 | _aBibliogr. s. 183. | ||
| 650 | 9 | _aElektronika | |
| 655 | _aPodręczniki akademickie | ||
| 710 | 0 |
_aWyższa Szkoła Morska (Gdynia) _bWydział Elektryczny |
|
| 020 | _a8386703741 (cz. 1) | ||
| 040 | _cBPK | ||
| 041 | 0 | _apl | |
| 080 | _a621.38(075.8) | ||
| 920 | _a83-86703-74-1 (cz. 1) | ||
| 942 | _cKS | ||
| 008 | s pl f |000 0 pol | ||
| 999 |
_c39156 _d39156 |
||
| 856 |
_uhttp://koha.tu.koszalin.pl/cgi-bin/koha/opac-detail.pl?biblionumber=39156 _yKatalog online BPK |
||